El delito de opinión pública:censura, ideología y libertad de expresión/ Leonel Fernández (Registro nro. 19024)

Detalles MARC
000 -LEADER
fixed length control field 00534nam a22001811a 4500
001 - CONTROL NUMBER
control field 19024
003 - CONTROL NUMBER IDENTIFIER
control field OSt
005 - DATE AND TIME OF LATEST TRANSACTION
control field 20260204212434.0
008 - FIXED-LENGTH DATA ELEMENTS--GENERAL INFORMATION
fixed length control field 190123s2011||||dr ||||||b||||||||||spa||
020 ## - NUMERO DE LIBRO INTERNACIONAL NORMALIZADO
International Standard Book Number 9789945412567
082 ## - DEWEY DECIMAL CLASSIFICATION NUMBER
Classification number RD 303.38 F363D
100 ## - ASIENTO PRINCIPAL -- NOMBRE PERSONAL
Personal name Fernández, Leonel
245 ## - TÍTULO PROPIAMENTE DICHO: SUBTÍTULO
Title El delito de opinión pública:censura, ideología y libertad de expresión/ Leonel Fernández
264 ## - PRODUCTION, PUBLICATION, DISTRIBUTION, MANUFACTURE, AND COPYRIGHT NOTICE
Place of production, publication, distribution, manufacture Santo Domingo:Fundación Global Democracia y Desarrollo
300 ## - PHYSICAL DESCRIPTION
Extensión 299 p.
650 ## - ASIENTO SECUNDARIO DE MATERIA -- TERMINO TEMÁTICO
Termino Temático Como Elemento de Entrada Opinión PúblicaÌ
942 ## - ADDED ENTRY ELEMENTS (KOHA)
Source of classification or shelving scheme Dewey Decimal Classification
Koha item type Libros

No hay ítems disponibles.

© 2021 Derechos Reservados UTECO - Teléfono: +1 809-585-2291 - Correo electrónico: biblioteca@uteco.edu.do​  
Código postal 43000 ​​
Dirección: Avenida Universitaria No. 100, 
Cotuí, Provincia Sánchez Ramírez, República Dominicana - RNC: 404-00059-6